Úvod

Projekt rozsiahlej témy moderných trendov v manažmente, využívanie inovatívnych a manažérskych nástrojov a techník v riadení podnikov pôsobiacich na Slovensku.

Salvato in:
Dettagli Bibliografici
Autore principale: Szabo, Ľuboslav
Natura: Capitolo di libro
Lingua:slovacco
Soggetti:
Tags: Aggiungi Tag
Nessun Tag, puoi essere il primo ad aggiungerne!!

MARC

LEADER 00000naa$a2200000$$$4500
001 0209803
005 20240502073506.4
041 0 |a slo 
044 |a SK 
245 1 0 |a Úvod  |c Ľuboslav Szabo 
520 |a Projekt rozsiahlej témy moderných trendov v manažmente, využívanie inovatívnych a manažérskych nástrojov a techník v riadení podnikov pôsobiacich na Slovensku. 
610 2 0 |a manažment 
610 2 0 |a manažéri 
610 2 0 |a nástroje riadenia 
610 2 0 |a metódy riadenia 
100 1 |a Szabo, Ľuboslav